[Event "ISL-chT 1314"]
[Site "Reykjavik"]
[Date "2014.02.27"]
[Round "6.2"]
[White "Thorsteinsson, Arnar"]
[Black "Palsson, Halldor"]
[Result "1-0"]
[WhiteElo "2205"]
[BlackElo "2051"]
[PlyCount "75"]
[EventDate "2013.10.10"]
[EventType "team-tourn"]
[EventRounds "9"]
[EventCountry "ISL"]
[SourceTitle "EXT 2015"]
[Source "ChessBase"]
[SourceDate "2014.11.20"]
[SourceVersion "1"]
[SourceVersionDate "2014.11.20"]
[SourceQuality "1"]
[WhiteTeam "Hellir II"]
[BlackTeam "Reykjavik II"]
[WhiteTeamCountry "ISL"]
[BlackTeamCountry "ISL"]

1. e4 d6 2. d4 Nf6 3. Nc3 e5 4. Nf3 Nbd7 5. Bc4 Be7 6. Be3 0-0 7. Qe2 c6 8. dxe5 Nxe5 9. Nxe5 dxe5 10. f3 b5 11. Bb3 a5 12. a4 b4 13. Nb1 Nd7 14. Nd2 Bc5 15. 0-0-0 Qb6 16. Nc4 Bxe3+ 17. Qxe3 Qxe3+ 18. Nxe3 Nc5 19. Rd6 Nxb3+ 20. cxb3 Be6 21. Nc4 Rfe8 22. Rhd1 c5 23. Rc6 g6 24. Kc2 f6 25. Rdd6 Kf7 26. Rxc5 Rec8 27. Rdc6 Rxc6 28. Rxc6 Ra7 29. Rc5 Bxc4 30. bxc4 h5 31. Kd3 Ra6 32. Rd5 Ke7 33. c5 Ra7 34. Kc4 Rb7 35. c6 Ra7 36. Kb5 Ra8 37. c7 g5 38. Kb6 1-0

[Event "ISL-chT 1314"]
[Site "Reykjavik"]
[Date "2013.10.13"]
[Round "5.4"]
[White "Palsson, Halldor"]
[Black "Johannesson, Oliver Aron"]
[Result "0-1"]
[WhiteElo "2051"]
[BlackElo "2043"]
[PlyCount "64"]
[EventDate "2013.10.10"]
[EventType "team-tourn"]
[EventRounds "9"]
[EventCountry "ISL"]
[SourceTitle "EXT 2014"]
[Source "ChessBase"]
[SourceDate "2013.11.20"]
[SourceVersion "1"]
[SourceVersionDate "2013.11.20"]
[SourceQuality "1"]
[WhiteTeam "Reykjavik II"]
[BlackTeam "Fjolnis"]
[WhiteTeamCountry "ISL"]
[BlackTeamCountry "ISL"]

1. d4 d5 2. Nf3 Nf6 3. Bf4 c5 4. e3 Nc6 5. c3 g6 6. h3 Bg7 7. Nbd2 0-0 8. Ne5 Nd7 9. Ndf3 Ndxe5 10. Nxe5 Nxe5 11. dxe5 Be6 12. Bg3 Qc7 13. f4 f6 14. exf6 Bxf6 15. Bd3 d4 16. exd4 cxd4 17. Qe2 Bd5 18. c4 Qa5+ 19. Kf1 Bc6 20. Kg1 Rae8 21. Re1 Rf7 22. Kh2 e5 23. fxe5 Rfe7 24. Qc2 Bxe5 25. Bxe5 Rxe5 26. Ref1 Rg5 27. Rf2 Qc7+ 28. Kg1 Re1+ 29. Bf1 Qe5 30. Rh2 Qe3 31. Qd2 Rf5 32. h4 Qxd2 0-1

[Event "ISL-chT 1314"]
[Site "Reykjavik"]
[Date "2013.10.10"]
[Round "1.2"]
[White "Kjartansson, Gudmundur"]
[Black "Palsson, Halldor"]
[Result "1-0"]
[WhiteElo "2447"]
[BlackElo "2051"]
[PlyCount "101"]
[EventDate "2013.10.10"]
[EventType "team-tourn"]
[EventRounds "9"]
[EventCountry "ISL"]
[SourceTitle "EXT 2014"]
[Source "ChessBase"]
[SourceDate "2013.11.20"]
[SourceVersion "1"]
[SourceVersionDate "2013.11.20"]
[SourceQuality "1"]
[WhiteTeam "Reykjavik"]
[BlackTeam "Reykjavik II"]
[WhiteTeamCountry "ISL"]
[BlackTeamCountry "ISL"]

1. Nf3 d6 2. d4 g6 3. g3 Bg7 4. Bg2 c6 5. 0-0 b5 6. a4 b4 7. a5 Nf6 8. Ne1 Qc7 9. Nd3 Na6 10. c4 e5 11. dxe5 dxe5 12. Nxe5 Bb7 13. Qa4 0-0 14. Nd3 c5 15. Bf4 Qc8 16. Bxb7 Qxb7 17. Qb5 Qc8 18. Nd2 Re8 19. Rae1 Nh5 20. Be3 Rb8 21. Qa4 Re6 22. Nf4 Nxf4 23. Bxf4 Rb7 24. Qb3 Qd8 25. Nf3 Qxa5 26. e4 h6 27. h4 Nb8 28. e5 Nc6 29. Qe3 Rbe7 30. Ra1 Qb6 31. Rfd1 Nxe5 32. Bxe5 Kh7 33. Rd5 f6 34. h5 fxe5 35. hxg6+ Rxg6 36. Qe4 Kg8 37. Nh4 Rg5 38. Rad1 Qe6 39. Rd8+ Bf8 40. R1d6 Qg4 41. Qxg4 Rxg4 42. Ng6 Rxg6 43. Rxg6+ Kf7 44. Rgd6 e4 45. R6d7 Bg7 46. b3 a5 47. Rxe7+ Kxe7 48. Ra8 h5 49. Rxa5 Kd6 50. Ra8 Bd4 51. Re8 1-0

[Event "Oslo Vederhus Memorial op B"]
[Site "Oslo"]
[Date "2013.09.29"]
[Round "1"]
[White "Palsson, Halldor"]
[Black "Roholdt, Njaal"]
[Result "1-0"]
[WhiteElo "2051"]
[BlackElo "1749"]
[PlyCount "37"]
[EventDate "2013.09.29"]
[EventType "swiss"]
[EventRounds "9"]
[EventCountry "NOR"]
[SourceTitle "EXT 2024"]
[Source "ChessBase"]
[SourceDate "2023.10.10"]
[SourceVersion "1"]
[SourceVersionDate "2023.10.10"]
[SourceQuality "1"]

1. d4 Nf6 2. c4 e6 3. Nf3 d5 4. Nc3 Be7 5. g3 0-0 6. cxd5 exd5 7. Bg2 Nc6 8. Ne5 Nb4 9. 0-0 Bf5 10. a3 Na6 11. Qb3 c5 12. Qxb7 Nc7 13. Nc6 Qd7 14. Bf4 Bd6 15. Bxd6 Qxd6 16. dxc5 Qd7 17. e4 Be6 18. exd5 Nfxd5 19. Nxd5 1-0

[Event "Reykjavik op"]
[Site "Reykjavik"]
[Date "2012.03.06"]
[Round "1"]
[White "Palsson, Halldor"]
[Black "Kveinys, Aloyzas"]
[Result "0-1"]
[WhiteElo "2000"]
[BlackElo "2512"]
[PlyCount "54"]
[EventDate "2012.03.06"]
[EventType "swiss"]
[EventRounds "9"]
[EventCountry "ISL"]
[SourceTitle "CBM 147 Extra"]
[Source "ChessBase"]
[SourceDate "2012.04.24"]
[SourceVersion "1"]
[SourceVersionDate "2012.04.24"]
[SourceQuality "1"]

1. d4 Nf6 2. c4 e6 3. Nf3 Bb4+ 4. Nbd2 0-0 5. a3 Be7 6. e4 d5 7. e5 Nfd7 8. b4 a5 9. b5 c5 10. Bd3 cxd4 11. Qc2 h6 12. cxd5 exd5 13. Nb3 a4 14. Nbxd4 Nc5 15. Bh7+ Kh8 16. 0-0 Qb6 17. Bf5 Bxf5 18. Nxf5 Nb3 19. Nxe7 Nxa1 20. Qf5 Qe6 21. Qxe6 fxe6 22. Ng6+ Kg8 23. Nxf8 Kxf8 24. Nd4 Kf7 25. Bxh6 Nb3 26. Be3 Nd7 27. f4 Rc8 0-1

[Event "Reykjavik Skakmot Odlinga op"]
[Site "Reykjavik"]
[Date "2009.04.22"]
[Round "3"]
[White "Palsson, Halldor"]
[Black "Gudmundsson, Einar S"]
[Result "1-0"]
[WhiteElo "1952"]
[BlackElo "1695"]
[PlyCount "91"]
[EventDate "2009.04.08"]
[EventType "swiss"]
[EventRounds "7"]
[EventCountry "ISL"]
[SourceTitle "EXT 2010"]
[Source "ChessBase"]
[SourceDate "2010.11.25"]
[SourceVersion "1"]
[SourceVersionDate "2010.11.25"]
[SourceQuality "1"]

1. d4 Nf6 2. c4 g6 3. Nc3 d5 4. cxd5 Nxd5 5. e4 Nxc3 6. bxc3 Bg7 7. Bc4 0-0 8. h4 c5 9. Be3 Nc6 10. Ne2 cxd4 11. cxd4 Qa5+ 12. Kf1 Rd8 13. Qb3 e6 14. Rd1 Qb4 15. h5 Qxb3 16. Bxb3 b6 17. hxg6 hxg6 18. Bg5 Rd6 19. e5 Rd7 20. Ba4 Bb7 21. Rc1 Rc8 22. Rh3 a6 23. Rhc3 b5 24. Bb3 Na7 25. Rxc8+ Nxc8 26. Nf4 Nb6 27. Nxe6 Bd5 28. Nxg7 Bxb3 29. axb3 Kxg7 30. Bf6+ Kh7 31. Rc6 Nd5 32. Rxa6 Nxf6 33. Rxf6 b4 34. Ke2 Rxd4 35. Rxf7+ Kg8 36. Rf6 Kg7 37. f4 g5 38. g3 Rd5 39. Rb6 Kf7 40. Rxb4 Ke6 41. Kf3 gxf4 42. gxf4 Kf5 43. Re4 Rd3+ 44. Re3 Rd8 45. e6 Re8 46. b4 1-0